|
|
|
|
| LEADER |
00000nam a2200000 a 4500 |
| 001 |
vtls001419291 |
| 003 |
SK-MaSNL |
| 005 |
20260301012744.0 |
| 008 |
160415s2000 xo ad r yy 0 slo |
| 015 |
|
|
|a SNBA2001/12-04310
|
| 020 |
|
|
|a 8022315664
|
| 035 |
|
|
|a SNK000374105
|
| 040 |
|
|
|a SNK
|b slo
|c SNK
|e AACR2
|
| 041 |
0 |
|
|a slo
|
| 044 |
|
|
|a xo
|c SK
|
| 080 |
|
|
|a 800.1(082)
|2 1981
|
| 245 |
1 |
|
|a Princípy jazyka a textu
|b materiály z medzinárodnej vedeckej konferencie konanej 9.-10.3.2000 na Katedre slovenského jazyka Filozofickej fakulty Univerzity Komenského
|c [zostavovateľ: Juraj Dolník]
|
| 260 |
|
|
|a Bratislava
|b Univerzita Komenského
|c 2000
|
| 300 |
|
|
|a 220 s.
|c 21 cm
|
| 500 |
|
|
|a Čiast. text čes., nem. a poľ.
|
| 500 |
|
|
|a Údaj o zost. prevzatý z rubu tit. strany
|
| 504 |
|
|
|a Bibliogr. odkazy. Res. slov. a angl.
|
| 650 |
0 |
7 |
|a jazyk
|x vývin
|x zborníky
|2 SNK
|9 298316
|
| 655 |
|
7 |
|a zbierky
|2 SNK
|9 70533
|
| 700 |
1 |
|
|a Dolník, Juraj,
|d 1942-
|4 com
|9 232465
|
| 919 |
|
|
|a 80-223-1566-4
|
| 958 |
|
|
|a TL
|
| 958 |
|
|
|a NB
|
| 958 |
|
|
|a ZB
|
| 999 |
|
|
|c 554305
|d 556235
|
| 952 |
|
|
|t P60, <03>, [BOOK], {603}
|a SNK
|b SNK
|y PREZ
|7 0
|p 17A0312838
|o snkSC 105837
|i snkKSP 10356/2001
|0 0
|1 0
|4 0
|d 2001-09-04
|l 0
|r 2025-09-26 00:00:00
|w 2026-02-23
|
| 952 |
|
|
|a SNK
|b SNK
|y VYP
|7 0
|p 17A0312839
|o snkSC 105837 D1
|i snkKSP 10357/2001
|0 0
|1 0
|4 0
|d 2001-09-04
|l 0
|r 2005-01-02 00:00:00
|w 2026-02-23
|